Missing Word: 'And' Movies Quiz Stats

Quiz Updated Mar 2, 2016

Challenge
Share
Tweet
Embed
Score 0/22 Timer 03:00
3 Plays Today
Title Missing Word % Correct
Bonnie and _____Clyde
98.6%
Dumb and ______Dumber
98.1%
_____ and SensibilitySense
92.1%
Pride and _____Prejudice
91%
_____ and ThenNow
90.3%
Jack and _____Jill
90%
_____ and ConfusedDazed
86.1%
Guys and _____Dolls
81.6%
Turner and _____Hooch
81.4%
Far and ______Away
79.6%
Knight and _____Day
79.1%
Title Missing Word % Correct
_____ and DeliverStand
70.8%
_____ and DangerousArmed
68.8%
_____ and BessPorgy
56.9%
Harold and _____Maude
54.3%
Breaking and _____ Entering
52.8%
Music and _____Lyrics
45.2%
_______ and JohnnyFrankie
40.5%
_____ and MonstersGods
26.7%
Love and ______Basketball
24.3%
State and _____Main
21.6%
Heart and _____ Souls
10.6%

Today's Daily Dose

You're not logged in!

Compare scores with friends on all Sporcle quizzes.
Join for Free
OR
Log In

You Might Also Like...

Show Comments

Extras

Top Quizzes Today


Score Distribution

Your Account Isn't Verified!

In order to create a playlist on Sporcle, you need to verify the email address you used during registration. Go to your Sporcle Settings to finish the process.

Report this User

Report this user for behavior that violates our Community Guidelines.

Details: